000 00446nmm a2200157Ia 4500
008 251105s9999||||xx |||||||||||||||||und||
020 _a9788426717696
041 _aspa
100 _aMiranda Barreras, Ángel Luis
245 0 _aManual Técnico de Refrigerantes
264 _a[Madrid, España] :
_bMarcombo,
_c2012
300 _a248 páginas
650 _aEngineering
856 _uhttps://public.digitaliapublishing.com/a/42025
942 _cCF
999 _c80517
_d80517